Central Library OPAC University of Rajshahi

জিন্না : পাকিস্তান : (Record no. 71099)

MARC details
000 -LEADER
fixed length control field 01059nam a2200229 a 4500
001 - CONTROL NUMBER
control field 71099
003 - CONTROL NUMBER IDENTIFIER
rucl marc code BD-RjUL
005 - DATE AND TIME OF LATEST TRANSACTION
control field 20211209082058.0
008 - FIXED-LENGTH DATA ELEMENTS--GENERAL INFORMATION
fixed length control field 170426r19891988ii ||||| b||| 001 0 ben d
035 ## - SYSTEM CONTROL NUMBER
System control number (BD-RjUL)71314
040 ## - CATALOGING SOURCE
Original cataloging agency BD-RjUL
Language of cataloging eng
Transcribing agency BD-RjUL
041 ## - LANGUAGE CODE
Language code of text/sound track or separate title eng
082 ## - DEWEY DECIMAL CLASSIFICATION NUMBER
Edition number 23
Classification number 954.9042
Author mark and year BOJ 1989
100 ## - MAIN ENTRY--PERSONAL NAME
Personal name বন্দ্যোপাধ্যায়, শৈলেশকুমার
9 (RLIN) 210359
245 ## - TITLE STATEMENT
Title জিন্না : পাকিস্তান :
Remainder of title নতুন ভাবনা /
Statement of responsibility, etc. শৈলেশকুমার বন্দ্যোপাধ্যায়
260 ## - PUBLICATION, DISTRIBUTION, ETC. (IMPRINT)
Place of publication, distribution, etc. কলকাতা :
Name of publisher, distributor, etc. মিত্র ও ঘোষ,
Date of publication, distribution, etc. ১৯৮৯.
300 ## - PHYSICAL DESCRIPTION
Pagination [১৬] ৩৯৯ পৃ. ;
Size ২০ সেমি.
504 ## - BIBLIOGRAPHY, ETC. NOTE
Bibliography, etc গ্রন্থপঞ্জি ও নির্ঘন্ট সংযুক্ত
650 ## - SUBJECT ADDED ENTRY--TOPICAL TERM
Topical term or geographic name as entry element মোহাম্মদ আলী জিন্নাহ
General subdivision প্রশাসন
Geographic subdivision ১৯৪৮-১৯৫৮
9 (RLIN) 210360
Topical term or geographic name as entry element Mohamed Ali Jinnah
General subdivision Administration
Chronological subdivision 1948-1958
9 (RLIN) 210361
942 ## - ADDED ENTRY ELEMENTS (KOHA)
Source of classification or shelving scheme Dewey Decimal Classification
Koha item type Books
Holdings
Lost status Source of classification or shelving scheme Damaged status Not for loan Collection code Permanent Location Current Location Shelving location Date acquired Source of acquisition Cost, normal purchase price Total Checkouts Full call number Date last seen Copy number Koha item type
  Dewey Decimal Classification   Not For Loan Non-fiction Central Library, University of Rajshahi Central Library, University of Rajshahi Reading Room 26/05/1990 Karim interprise, Dhaka 65.00   B 954.9042 BOJ 1989 26/04/2017 C-1 Books